000 00452cam a22001097a 4500
008 180718b1966 xxu||||| |||| 00| 0 eng d
082 _aT3068x4 Eu72
245 _aResult of the business survey carried out among heads of enterprises in the community
_cby Directorate General for Economic and Financial Affairs.
260 _a
_bEuropean Economic Community
_c1966
300 _a36p.
700 _aEurope. Directorate General for Economic and Financial Affairs
999 _c497830
_d497830